000 00433nam a2200145 i 4500
001 69400
003 ES-MaACL
005 20230906170518.0
007 t|
008 040705s1916 sp ||||1| spa d
100 1 _aGarcía Boiza, Antonio.
_954278
245 1 0 _aDe la vida literaria salmantina en el siglo XVIII /
_cAntonio García Boiza.
260 _aSalamanca :
_b[s.n.,
_c1916] (
_fImp. de Calatrava)
852 _aES-MaACL
_j1483-F-1
999 _c69400
_d69400